LIBRARY & INFORMATION CENTRE, KCAET, TAVANUR

ONLINE PUBLIC ACCESS CATALOGUE (OPAC)

College entrance examinations / (Record no. 8009)

MARC details
000 -LEADER
fixed length control field 00465cam a2200181ua 4500
041 ## - LANGUAGE CODE
Language code of text/sound track or separate title eng
082 ## - DEWEY DECIMAL CLASSIFICATION NUMBER
Classification number 028.7021
Item number WEC/CO
100 ## - MAIN ENTRY--AUTHOR NAME
Personal name Wechsler, Louis K .
245 ## - TITLE STATEMENT
Title College entrance examinations /
250 ## - EDITION STATEMENT
Edition statement 1 /
260 ## - PUBLICATION, DISTRIBUTION, ETC. (IMPRINT)
Place of publication New York :
Name of publisher Barnes & Noble ,
Year of publication 1960.
300 ## - PHYSICAL DESCRIPTION
Number of Pages 305 ; .
700 1# - ADDED ENTRY--PERSONAL NAME
Personal name Blum, Martin .
700 1# - ADDED ENTRY--PERSONAL NAME
Personal name Friedman, Sidney .
942 ## - ADDED ENTRY ELEMENTS (KOHA)
Koha item type Books
Holdings
Withdrawn status Lost status Damaged status Home library Current library Date acquired Full call number Accession Number Koha item type
Withdrawn     KAUAET KAUAET 07/04/2012 028.7021 3122 Books
free website counter